| 000 | 00388cam a2200169ua 4500 | ||
|---|---|---|---|
| 020 | _c3.00 | ||
| 041 |
_amal _h |
||
| 082 |
_a894.812308 _bNAI/KA |
||
| 100 | _aNair, E P . | ||
| 245 |
_aKalasala / _cE P Nair. _hTextual Documents |
||
| 260 |
_aKerala : _bNarasimhavilasam Book Depot. |
||
| 300 | _a368 ; . | ||
| 365 | _a3.00 | ||
| 504 | _a | ||
| 942 | _cBK | ||
| 999 |
_c5207 _d5207 |
||